000 00611nam a2200217 i 4500
001 60646
003 ES-MaACL
005 20230906164258.0
007 t|
008 031105s1977 sp ||||1| spa d
020 _a84-400-3944-1
100 1 _aEspinosa, Mariano.
_947894
245 1 0 _aPediatría sofrológica /
_cMariano Espinosa ; prólogo Alfonso Caycedo.
260 _a[S.l. :
_bs.n.,
_c1977]
300 _aX, 370 p. ;
_c28 cm.
500 _aIndice.
500 _aDed. autógr. del autor.
504 _aBibliografía.
700 1 _aCaycedo, Alfonso.
_937202
852 _aES-MaACL
_jL-11784
_bR.113341
999 _c60646
_d60646